| 000 | 00742nam a2200217 4500 | ||
|---|---|---|---|
| 001 | 140650 | ||
| 003 | ES-MaACL | ||
| 005 | 20250815050911.0 | ||
| 007 | t| | ||
| 008 | 070214s1978 sp r ||||1| spa d | ||
| 100 | 1 |
_aSejourné, Laurette. _9105278 |
|
| 245 | 1 | 0 |
_aAmérica Latina / _cLaurette Sejourné ; [traductora Josefina Oliva de Coll]. _n, . I, _pAntiguas culturas precolombinas. |
| 250 | _a9ª ed. | ||
| 260 |
_aMadrid : _bSiglo XXI, _c1978 ( _fClosas-Orcoyen) |
||
| 300 |
_aVII, 331 p. ; _c18 cm. |
||
| 490 | 1 |
_aHistoria Universal (Siglo XXI) ; _v21 |
|
| 700 | 1 |
_aOliva de Coll, Josefina. _986736 |
|
| 830 | 0 | 0 |
_aHistoria universal (Siglo XXI) _v21 _9181446 |
| 852 |
_aES-MaACL _jA-9343 _bR.98451 |
||
| 999 |
_c140650 _d140650 |
||